000 00266nam a22001217a 4500
082 _a894.812.1
_bPRA/K
100 _aPRAVEEN
245 _aKUTTIKAVITHAKAL
246 _aKUTTIKAVITHAKAL
_bKUTTIKAVITHAKAL
260 _aSIVAKASI
_bESHA
_c2023
300 _a32
942 _cBK
999 _c8595
_d8595